000 00522 a2200205 4500
260 _aNetherlands
711 _d7-11 november 1988
711 _cThe Hague The Netherlands
100 _aISNAR
260 _bISNAR
245 _aHuman ressource management in national agricultural research : 7-11 november the Hague the Netherlands
300 _a270p.
260 _c1988
130 _lEN
690 _aHUMAN RESSOURCE
690 _aMANAGEMENT
690 _aAGRICULTURAL RESEARCH
999 _c28933
_d28933